000 01332nam a2200277Ia 4500
999 _c51342
_d51342
001 18311
003 GE_BSU
005 20221130142950.0
008 181216s2013||||ge |||||||||||||| ||geo||
020 _a9789941059636x
040 _cGE_BSU
041 _ageo
080 _a159.922.1 ფ-95
100 _aფროიდი, ზიგმუნდ
_911892
245 _aსექსუალურობის ფსიქოლოგია /
_cზიგმუნდ ფროიდი; რედ. ლ.თურმანიძე, მთარგმნ-ბი ნ.თურმანიძე, ლ.ბულია.
264 _aთბილისი :
_bგეო,
_c2013.
300 _a163 გვ.;
_b20 სმ.
541 _h7ლ.45თ.
653 _aსქესობრივი ცხოვრების ფსიქოლოგია
653 _aსქესობრივი გადახრები და გაუკუღმართებები
653 _aნევროტიკები და ისტერიულობა
700 _aთურმანიძე, ლ
_eრედაქტორი
_91756
700 _aთურმანიძე, ნ.
_eმთარგმნელი
_916194
700 _aბულია, ლ.
_eმთარგმნელი
_916195
942 _cBK
_2udc